| 000 | 03815cam a22007094i 4500 | ||
|---|---|---|---|
| 001 | u35831 | ||
| 003 | PE-LiUPU | ||
| 005 | 20250731170438.0 | ||
| 008 | 150706s2009 sp a rb 000 0 spa d | ||
| 020 | _a8436815157 | ||
| 020 | _a9788436815153 | ||
| 035 | _a(Sirsi) i9788436815153 | ||
| 040 |
_aPE-LiUPU _bspa _cPE-LiUPU _dPE-LiUPU _erda |
||
| 049 | _aPRUA | ||
| 082 | 0 | 4 |
_a155.9 _bA652009 _221 |
| 245 | 0 | 0 |
_aPsicología ambiental / _cCoordinadores, Juan Ignacio Aragonés, María Amérigo. |
| 264 | 1 |
_aMadrid : _bPiramide, _c2009. |
|
| 300 |
_a483 páginas : _bilustraciones ; _c24 centímetros |
||
| 336 |
_atext _2rdacontent |
||
| 337 |
_aunmediated _2rdamedia |
||
| 338 |
_avolume _2rdacarrier |
||
| 504 | _aBibliografía : página 427-483. | ||
| 505 | 0 | _aPsicología ambiental -- Aspectos conceptuales y metodológicos -- Cognición ambiental -- Emoción y ambiente -- Factores físicos medioambientales -- Espacio personal y ecología del pequeño grupo -- Privacidad y territorialidad -- Hacinamiento -- Ambientes residenciales -- Ambientes laborales -- Ambientes escolares -- Ambientes institucionales -- El medio urbano -- El medio natural -- Actitudes y creencias hacia el medio ambiente -- Problemas ambientales y soluciones conductuales -- Educación ambiental -- Percepción social de los riesgos y comportamiento en los desastres -- Gestión ambiental en la empresa y en la Administración Pública: aportaciones desde la psicología. | |
| 526 | _aSEG68 | ||
| 526 | _aSEG70 | ||
| 526 | _aSEG69 | ||
| 526 | _aSEG67 | ||
| 526 | _aSEG43 | ||
| 526 | _aP144 | ||
| 526 | _aP143 | ||
| 526 | _aP131 | ||
| 526 | _aP122 | ||
| 526 | _aP120 | ||
| 526 | _aP117 | ||
| 526 | _aP112 | ||
| 526 | _aP110 | ||
| 526 | _aP106 | ||
| 526 | _aP101 | ||
| 526 | _aP80 | ||
| 526 | _aP59 | ||
| 526 | _aP54 | ||
| 526 | _aP35 | ||
| 526 | _aP33 | ||
| 526 | _aP30 | ||
| 541 | _g001-0031615; | ||
| 650 | 0 | 4 | _aPsicología ambiental. |
| 700 | 1 |
_aAmérigo, María, _ecoordinador. |
|
| 700 | 1 |
_aAragonés, Juan Ignacio, _ecoordinador. |
|
| 910 |
_bjv _clch _d20100616 |
||
| 942 |
_2ddc _cBOOK |
||
| 994 |
_aC0 _bPEPRU |
||
| 949 |
_a155.9 A65 2009 _wDEWEY _c1 _i61802 _d2017-11-6 _e2015-9-13 _f2018-2-10 _g2 _lCCODEBUL1 _mBUL _n1 _p70.00 _q1 _r0 _sY _tBOOK _u2015-7-6 _xSALUD _PP33 _0COMPRA _o.STAFF. Colección Ciencias de la Salud |
||
| 949 |
_a155.9 A65 2009 _wDEWEY _c1 _iFT02725 _d2018-4-10 _e2018-4-9 _lCCODEBUT1 _mBUT _n1 _p62.00 _r0 _sY _tBOOK _u2015-10-15 _xSALUD _PP33 _0COMPRA _o.CIRCNOTE. Este documento es muy costoso _o.STAFF. Colección General |
||
| 949 |
_a155.9 A65 _wDEWEY _c1 _i56837 _f2018-2-10 _g2 _lCCODEBUL1 _mBUL _p32.00 _r0 _sY _tBOOK _u2015-6-25 _xSALUD _PP33 _0COMPRA _o.STAFF. Colección Ciencias de la Salud |
||
| 949 |
_a155.9 A65 _wDEWEY _c2 _i53705 _f2018-2-10 _g2 _lCCODEBUL1 _mBUL _p46.00 _r0 _sY _tBOOK _u2015-6-25 _xSALUD _PP24 _0COMPRA _o.STAFF. Colección General |
||
| 596 | _a1 2 | ||
| 999 |
_a155.9 A65 _wDEWEY _c43839 _i56837 _f2019-12-9 _g4 _lDISCARD _mBUL _p32.00 _r1 _sY _tBOOK _u2015-6-25 _xSALUD _zP33 _0COMPRA _o.STAFF. Colección Ciencias de la Salud _d43839 |
||
| 999 |
_a155.9 A65 _wDEWEY _c2 _i53705 _f2019-12-9 _g4 _lDISCARD _mBUL _p46.00 _r1 _sY _tBOOK _u2015-6-25 _xSALUD _zUNKNOWN _0COMPRA _o.STAFF. Colección Ciencias de la Salud |
||
| 999 |
_a155.9 A65 2009 _wDEWEY _c1 _i61802 _d2019-7-8 _e2015-9-13 _f2021-11-3 _g5 _lCCODEBUL1 _mBUL _n1 _p70.00 _q2 _r0 _sY _tBOOK _u2015-7-6 _xSALUD _zP33 _0COMPRA _o.STAFF. Colección Ciencias de la Salud |
||
| 999 |
_a155.9 A65 2009 _wDEWEY _c1 _iFT02725 _d2018-4-10 _e2018-4-9 _f2019-2-20 _g1 _lCCODEBUT1 _mBUT _n1 _p62.00 _r0 _sY _tBOOK _u2015-10-15 _xSALUD _PP33 _0COMPRA _o.CIRCNOTE. Este documento es muy costoso _o.STAFF. Colección General |
||
| 980 |
_81 _gALBERTO SANCHEZ Responsable de Automatización |
||